000 00302nam a22001097a 4500
041 _aENG
245 _aGuidelines For Declaration Power And Specific Fuel Consumption And labelling Of Agricultural Tractors
260 _aNew Delhi
_bBIS
_c1988
300 _a02
650 _aBIS Code
856 _uBIS Code
999 _c2073
_d2073